Sports Quiz

Random Sports or Country Quiz

Managers of Galatasaray since 1984 Quiz Stats

Quiz not verified by Sporcle

Challenge
Share
Tweet
Embed
Score 0/22 Timer 07:00
0 Plays Today
Year Manager % Correct
1996-2000Fatih Terim
99.5%
2002-2004Fatih Terim
99.5%
2011-Fatih Terim
99.5%
2004-2005Gheorghe Hagi
97.7%
2010-2011Gheorghe Hagi
97.7%
1992-1993Karl Heinz Feldkamp
92.5%
2007-2008Karl Heinz Feldkamp
92.5%
2000-2002Mircea Lucescu
91.8%
1988-1990Mustafa Denizli
90.9%
1991-1992Mustafa Denizli
90.9%
2009-2010Frank Rijkaard
89.8%
Year Manager % Correct
2005-2007Erik Gerets
89.3%
2008-2009Michael Skibbe
87.5%
2008-2009Bülent Korkmaz
85%
1984-1988Jupp Derwall
75.9%
1995-1996Greame Souness
74.3%
2008Cevat Güler
65%
2010-2011Bülent Ünder
50.7%
1994-1995Reinhard Saftig
34.1%
1993-1994Rainer Hollman
29.8%
1990-1991Sigfried Held
23.2%
1994-1995Müfit Erkasap
21.6%

You're not logged in!

Compare scores with friends on all Sporcle quizzes.
Join for Free
OR
Log In

You Might Also Like...

Show Comments

Extras

Top Quizzes Today


Score Distribution

Your Account Isn't Verified!

In order to create a playlist on Sporcle, you need to verify the email address you used during registration. Go to your Sporcle Settings to finish the process.

Report this User

Report this user for behavior that violates our Community Guidelines.

Details: